000 00424nam a2200181Ia 4500
005 20240823005129.0
008 240823s9999||||xx |||||||||||||| ||und||
041 _aENGLISH
082 _A629.2 N5
100 _aKirpal Singh
245 0 _aAutomobile Engineering Vol 1
250 _a7th
260 _c1995
_b"Standard,Delhi"
500 _aMISSING
650 _aAutomobile
_bMechanical
942 _cBK
999 _c154834
_d154834